书目信息 |
| 题名: |
西南岩溶石山区地下水资源调查评价与开发利用模式
|
|
| 作者: | 夏日元, 著 | |
| 分册: | ||
| 出版信息: | 北京 科学出版社 2018 |
|
| 页数: | 324页 | |
| 开本: | 27cm | |
| 丛书名: | ||
| 单 册: | ||
| 中图分类: | P641.8 | |
| 科图分类: | ||
| 主题词: | 岩溶区--yan rong qu--地下水资源--研究--中国--西南地区 | |
| 电子资源: | ||
| ISBN: | 978-7-03-059035-0 | |
| 000 | 01108cam0 2200253 450 | |
| 001 | 012001003744 | |
| 005 | 20131105142131.0 | |
| 010 | @a978-7-03-059035-0@dCNY198.00 | |
| 099 | @aCAL 012019001391 | |
| 100 | @a20190103d2018 em y0chiy50 ea | |
| 101 | 0 | @achi |
| 102 | @aCN@b110000 | |
| 105 | @aabk a 000yy | |
| 106 | @ar | |
| 200 | 1 | @a西南岩溶石山区地下水资源调查评价与开发利用模式@Axi nan yan rong shi shan qu di xia shui zi yuan diao cha ping jia yu kai fa li yong mo shi@f夏日元等著 |
| 210 | @a北京@c科学出版社@d2018 | |
| 215 | @a324页@c彩图, 地图@d27cm | |
| 320 | @a有书目 (第321-324页) | |
| 330 | @a本书系统梳理了西南岩溶石山区 2003 年以来地下水资源调查评价和开发利用示范成果,揭示了岩溶水文地质特性和地下水资源形成机制,提出了地下水资源调查评价技术方法体系,建立了堵洞成库、建柜蓄水、抽水调节和束流壅水 4 种岩溶地下水资源开发利用模式,为脱贫攻坚和生态文明建设提供了技术支撑。 | |
| 606 | 0 | @a岩溶区@Ayan rong qu@x地下水资源@x研究@y中国@y西南地区 |
| 690 | @aP641.8@v5 | |
| 701 | 0 | @a夏日元,@AXia Riyuan@f1963-@4著 |
| 801 | 0 | @aCN@b上海新华@c20191020 |
| 905 | @b1206489-91@dP641.8@e129@f3 | |
| 西南岩溶石山区地下水资源调查评价与开发利用模式/夏日元等著.-北京:科学出版社,2018 |
| 324页:彩图, 地图;27cm |
| ISBN 978-7-03-059035-0:CNY198.00 |
| 本书系统梳理了西南岩溶石山区 2003 年以来地下水资源调查评价和开发利用示范成果,揭示了岩溶水文地质特性和地下水资源形成机制,提出了地下水资源调查评价技术方法体系,建立了堵洞成库、建柜蓄水、抽水调节和束流壅水 4 种岩溶地下水资源开发利用模式,为脱贫攻坚和生态文明建设提供了技术支撑。 |
| ● |
| 相关链接 |
|
|
|
|
正题名:西南岩溶石山区地下水资源调查评价与开发利用模式
索取号:P641.8/129
 
预约/预借
| 序号 | 登录号 | 条形码 | 馆藏地/架位号 | 状态 | 备注 |
| 1 | 1206489 | 212064898 | 第二样本阅览室/ [索取号:P641.8/129] | 在馆 | |
| 2 | 1206490 | 212064905 | 第三借阅区/ [索取号:P641.8/129] | 在馆 | |
| 3 | 1206491 | 212064914 | 第三借阅区/ [索取号:P641.8/129] | 在馆 |